000 01106 a2200229 4500
001 45556
005 20260407155728.0
008 260407a2002 arg spa d
003 AR-UNSa-BCEJYS
040 _aAR-UNSa-BCEJYS
_bspa
_cAR-UNSa-BCEJYS
080 _a339.9
_xEconomía internacional en general. Relaciones económicas internacionales. Economía mundial
245 1 0 _aGlobalización, crecimiento y pobreza
_nA world bank policy research report
_pConstruyendo una economía mundial incluyente.
020 _a958-682-376-8
264 1 _aWashington :
_bBanco Mundial
_c2002
300 _axi, 152 p.
_c23 cm.
505 _a1. La nueva ola de globalización y sus efectos económicos - 2. Mejorar la arquitectura internacional para la integración - 3. Fortalecimiento de instituciones y políticas domésticas - 4. Poder, cultura y medio ambiente - 5. Una agenda para la acción -
041 _aspa
942 _cBK
590 _aniveau_biblio:m niveau_hierar:0
100 1 _aBanco Mundial
856 4 1 _uhttps://www.biblioeco.unsa.edu.ar/pmb/images/libros/L127139.jpg
_yImagen de portada
_qimage/jpeg
999 _c3967
_d3967